[Event "1st Guwahati GM Open 2022"]
[Site "Guwahati"]
[Date "2022.03.16"]
[Round "4.20"]
[White "Saptarshi, Roy"]
[Black "Elangbam Shashikanta Singh"]
[Result "1-0"]
[WhiteElo "2402"]
[BlackElo "1739"]
[Annotator "TA"]
[PlyCount "77"]
[EventDate "2022.03.15"]
[EventCountry "IND"]
[SourceTitle "playchess.com"]
[Source "ChessBase"]
[SourceQuality "1"]

{[%evp 14,77,13,14,68,67,53,25,36,2,10,30,76,-60,22,27,74,76,104,23,293,300,327,327,375,314,441,442,432,393,393,365,491,257,254,149,346,359,356,350,291,195,195,145,500,497,481,312,304,310,396,397,357,361,349,255,739,481,770,734,1053,970,2075,1691,29986,29987]} 1. e4 d6 2. d4 c6 3. Nc3 Nd7 4. Be3 e5 5. Qd2 Ngf6 6. f3 Be7 7. O-O-O O-O 8. g4 a5 {B07: Pirc Defence: Miscellaneous Systems.} (8... b5 $11) 9. h4 {[%cal Bh2h4,Bh4h5][%mdl 32] White is more active.} b5 10. h5 {[#]} Ne8 $146 {White has an edge.} ({Predecessor:} 10... exd4 11. Bxd4 b4 12. Nce2 c5 13. Be3 Nb6 14. Ng3 a4 15. g5 Nfd7 16. Nf5 Ne5 17. Nxe7+ Qxe7 {0-1 (39) Shim Ng Min,F (1154)-Courteille,T (1051) LSS email 2015}) 11. dxe5 Nxe5 12. g5 a4 13. g6 (13. a3 $16) 13... fxg6 (13... b4 $1 $15 14. Nb1 a3) 14. hxg6 $11 {[%cal Of1b5] Strongly threatening Bxb5!} hxg6 {[#]} (14... b4 $11) 15. Bxb5 $1 $16 {[%cal Of3f4]} Be6 {[#]} (15... Nc7 16. Be2) 16. f4 Ng4 $2 {[%mdl 8192]} (16... Nc4 $2 17. Bxc4 Bxc4 18. Qh2 $18) (16... a3 $11 {and Black has nothing to worry.} 17. b3 (17. Qh2 $2 axb2+ 18. Kxb2 Qa5 $19) 17... cxb5 18. fxe5 (18. Qh2 Bf6 $17) 18... dxe5) 17. Bxc6 $18 Nxe3 18. Qxe3 Rc8 19. Bd5 Nc7 (19... Bxd5 {was necessary.} 20. Nxd5 Nf6) 20. Qh3 Qd7 21. Qh7+ Kf7 22. Rh6 Bf6 23. Qxg6+ (23. e5 $142 Nxd5 24. Qxg6+ (24. Nxd5 Bf5 $11) (24. exf6 Nxf6 25. Qxg6+ Kg8 $16) 24... Kg8 25. Qh7+ (25. Nxd5 $2 Bf5 $19) (25. exf6 Nxf6 26. Nge2 Bf5 $14) 25... Kf7 26. Nxd5) 23... Ke7 24. Rh7 (24. Bxe6 $6 Qxe6 25. f5 Qe5 $16) ({White should try} 24. Rh5 $18 Qe8 25. Qxe8+ Kxe8 26. Bxe6 (26. Nxa4 Bg4 $14) 26... Nxe6 27. Nb5 (27. Rxd6 Nxf4 28. Rf5 a3 $16)) 24... a3 $2 (24... Nxd5 $16 {keeps fighting.} 25. exd5 (25. Nxd5+ Bxd5 26. Rxd5 Qc6 $14) 25... Bg4) 25. e5 (25. bxa3 Bxc3 26. Bb3 Ne8 $11) 25... dxe5 {[#]} 26. fxe5 $1 Bxe5 27. Bf3 (27. Qg5+ $6 Bf6 28. Rxg7+ Rf7 29. Rxf7+ Bxf7 30. Qe3+ (30. Re1+ $2 Ne6 $19) 30... Kf8 31. Bxf7 (31. Qh6+ $2 Bg7 $19) 31... Qxf7 $18) 27... axb2+ 28. Kb1 {Chess con chili.} Bxc3 $4 {[%mdl 8192] Black cannot hold the game after this.} (28... Qxd1+ $16 29. Bxd1 (29. Nxd1 Bxa2+ 30. Kxa2 Ra8+ 31. Bxa8 Rxa8+) 29... Bxc3 30. Rxg7+ Bxg7 31. Qxg7+ Rf7 32. Qg5+ (32. Qxb2 Rf1 $11) 32... Kf8 33. Kxb2 Rb8+ 34. Kc1 Bxa2) 29. Rxd7+ Bxd7 30. Qg5+ Kd6 {aiming for ...Rf5.} 31. Rh5 {[%cal Bh7h5,Bh5d5,Bd5d2][%mdl 32] Black must now prevent Qc5+.} Ne6 {Inhibits Qc5+.} 32. Qg3+ (32. Qe3 Ke7 33. Ne2 Bb4 $18) 32... Ke7 33. Ne2 {Inhibits Rf4. Threatens to win with Rd5.} ({Don't play} 33. Rd5 Rf4 34. Bd1 Bc6 35. Qxc3 Bxd5 36. Qxc8 Rf1 37. Kxb2 Rxd1 $18) 33... Bf6 34. Rd5 {Threatening mate with Qd6+.} Rc6 {Prevents Qd6+.} (34... Rfd8 35. c3 Nc7 36. Re5+ (36. Kxb2 Nxd5 37. Bxd5 Re8 $11) (36. Rd3 Nb5 $18) 36... Be6) 35. Qe1 Rfc8 (35... Rc4 $142 36. Ng3 Rfc8) 36. Nf4 Be8 37. Rd2 Kf7 38. Bd5 {[%cal Rd5e6]} Bd7 39. Bxc6 {Weighted Error Value: White=0.56/Black=0.97} 1-0

[Event "1st Guwahati GM Open 2022"]
[Site "Guwahati"]
[Date "2022.03.16"]
[Round "5.1"]
[White "Rios, Cristhian Camilo"]
[Black "Delgado Ramirez, Neuris"]
[Result "1/2-1/2"]
[WhiteElo "2449"]
[BlackElo "2615"]
[Annotator "TA"]
[PlyCount "63"]
[EventDate "2022.03.15"]
[EventCountry "IND"]
[SourceTitle "playchess.com"]
[Source "ChessBase"]
[SourceQuality "1"]

{[%evp 24,63,0,0,3,0,0,0,0,0,0,0,0,0,0,0,7,8,0,0,0,0,0,0,0,0,0,0,0,0,0,0,0,0,0,0,0,0,0,0,0,0]} 1. e4 c5 2. Nf3 d6 3. d4 cxd4 4. Nxd4 Nf6 5. Nc3 a6 6. Bg5 e6 7. f4 Be7 8. Qf3 Qc7 9. O-O-O Nbd7 10. g4 {[%cal Bg2g4,Bg4g5][%mdl 32]} b5 11. Bxf6 Nxf6 12. g5 Nd7 13. f5 {The position is equal.} O-O $1 {B99: Sicilian Najdorf: 6 Bg5 e6 7 f4 Be7 8 Qf3 Qc7 9 0-0-0 Nbd7.} 14. f6 gxf6 15. gxf6 Nxf6 16. e5 $1 dxe5 17. Nc6 (17. Qxa8 $2 exd4 18. Rg1+ (18. Rxd4 $2 Bb7 $19) 18... Kh8 19. Nxb5 axb5 $19) 17... Bb7 18. Qg3+ $1 Kh8 $1 19. Nxe5 Bd8 $132 {[%mdl 2048] [#] Black is not keeping still} 20. Rxd8 $1 Raxd8 21. Rg1 {[%csl Gg1][%cal Rg3g7]} Ne8 {Inhibits Qg7+. aiming for ...b4.} 22. Qg5 $1 {[%cal Of1b5] [#] Strongly threatening Bxb5!} f5 $146 {[%cal Oc7e5]} ({Predecessor:} 22... b4 23. Bb5 f6 24. Qh6 Ng7 25. Ng6+ Kg8 26. Nxf8 Rxf8 27. Bd3 f5 28. Na4 Kh8 29. Nc5 Bc8 30. Nxa6 {½-½ (30) Burridge,R (2043)-Williamson,D (2276) ICCF email 2016}) 23. Qh6 $1 {[%csl LRe6,LRf8][%cal Rh6f8] The board is on fire.} Ng7 $1 (23... Qc5 $2 {[#]} 24. b4 $1 {[%mdl 512]} Rd7 25. bxc5 $18) 24. Ng6+ {Pair of Knights!} Kg8 25. Nxf8 Rxf8 26. Qxe6+ $1 Kh8 27. Qh6 b4 28. Nd1 {[%cal Bc3d1,Bd1e3,Be3c4][%mdl 32]} Be4 {[%csl Ge4][%cal Rc7c2] Prevents Bd3.} 29. Ne3 f4 30. Nc4 Qe7 31. Qg5 ({Avoid the trap} 31. Qxa6 $2 Bd5 32. b3 Bxc4 33. Qxc4 Qe3+ 34. Kb2 Qxg1 $19) 31... Qxg5 32. Rxg5 {An interesting draw.  Weighted Error Value: White=0.00 (flawless) /Black=0.01 (flawless)} 1/2-1/2

[Event "1st Guwahati GM Open 2022"]
[Site "Guwahati"]
[Date "2022.03.16"]
[Round "5.2"]
[White "Ratnakaran, K.."]
[Black "Fawzy, Adham"]
[Result "1-0"]
[WhiteElo "2316"]
[BlackElo "2476"]
[Annotator "TA"]
[PlyCount "71"]
[EventDate "2022.03.15"]
[EventCountry "IND"]
[SourceTitle "playchess.com"]
[Source "ChessBase"]
[SourceQuality "1"]

{[%evp 12,71,18,15,18,18,19,12,20,12,22,18,17,4,18,-17,-20,-28,0,0,0,-40,-37,-16,109,0,0,0,0,0,39,-21,-23,-160,-162,-228,-227,-197,-220,-211,-208,-208,-200,-197,-197,-197,-180,-162,0,0,627,633,616,609,596,490,3464,3404,5273,3182,29983,29981]} 1. e4 c5 2. Nf3 Nc6 3. Bb5 g6 4. O-O Bg7 5. Re1 e5 6. Bxc6 dxc6 7. h3 Ne7 {B31: Sicilian: 2...Nc6 3 Bb5 g6.} 8. d3 O-O 9. Be3 b6 $1 {The position is equal.} 10. a4 {[%cal Oa4a5]} a5 11. Nbd2 Qc7 {[#]} 12. Qb1 $146 ({Predecessor:} 12. Qe2 h6 13. Nb3 Be6 14. Nfd2 Kh7 15. Rf1 f5 16. f3 Rad8 17. Rad1 Rd7 18. Bf2 {0-1 (36) Ambarcumova,K (2171)-Khudaya,A (1987) Urgup 2004}) 12... h6 13. Ra3 Be6 14. c3 f5 15. exf5 Bxf5 16. g4 Be6 17. d4 $1 exd4 {[#]} (17... cxd4 $11 {remains equal.} 18. Bxd4 exd4 19. Rxe6 dxc3 20. Rxc3 Bxc3 21. bxc3 Qd7) 18. cxd4 ({White has to play} 18. Bxh6 $1 $16 {[%mdl 512]} Bxh6 19. Rxe6) 18... Bd5 $14 19. dxc5 Bxf3 {A strong pair of Bishops.} 20. cxb6 Qd7 {[%cal Of3g4]} 21. b7 (21. Bc5 Qxd2 22. Rd3 (22. Rxe7 Bd5 $17) 22... Qf4 $17) ({White should play} 21. Rd3 $14 Bd5 22. Bc5) 21... Rab8 $11 {[%cal Of3g4] Strongly threatening ...Bxg4!} 22. Bc5 Qxd2 $17 23. Rxe7 (23. Rd3 $142 Qf4 24. Bd6) 23... Bd5 $1 $19 {Threatens to win with ...Rf7.} 24. Rd3 (24. Qxg6 $2 Qd1+ 25. Kh2 Qh1+ 26. Kg3 Rf3+ 27. Rxf3 Qxf3+ 28. Kh4 Qf6+ 29. Kh5 Bf7 30. Qxf7+ Qxf7+ 31. Rxf7 Kxf7 $19) 24... Qf4 (24... Qxb2 25. Qxb2 Bxb2 26. Bd6 $11) 25. b4 (25. Rxd5 cxd5 26. Qxg6 Qf6 27. Rxg7+ (27. Qd3 $2 Qc6 $19) 27... Qxg7) 25... Rf7 {aiming for ...Rxe7.} 26. Rxd5 cxd5 27. bxa5 Rxe7 (27... Qxa4 28. Rxf7 Kxf7 29. Bd6 $11) 28. Bxe7 Bd4 ({Not} 28... Qxa4 29. Bd6 Rxb7 30. Qxb7 Qxa5 31. Kh2 $11) (28... Qc7 29. a6 $1 Kh7 30. Qb4 $16) 29. Bh4 g5 (29... Kg7 $19 30. Kg2 Rf8) 30. Qg6+ $11 Bg7 $2 {[%mdl 8192] [#]} (30... Kf8 $11 31. Qxh6+ Kf7) 31. a6 $1 $18 gxh4 32. a7 Rf8 {[#]} 33. Qe6+ $1 ({But not} 33. a8=Q $2 Qxf2+ 34. Kh1 Qf3+ 35. Kh2 Qf2+ 36. Kh1 Qf3+ 37. Kh2 Qf2+ 38. Kh1 $19) 33... Kh8 {[#]} (33... Kh7 $142 34. Qe3 Bd4 35. Qxf4 Rxf4) 34. Qe3 $1 (34. a8=Q {gets mated.} Qxf2+ 35. Kh1 Qf3+ 36. Kh2 Qg3+ 37. Kh1 Qxh3+ 38. Kg1 Bd4+) 34... Qb4 35. a8=Q {White wants to mate with a5.} d4 36. Qf4 {Weighted Error Value: White=0.20 (precise) /Black=0.64} 1-0

[Event "1st Guwahati GM Open 2022"]
[Site "Guwahati"]
[Date "2022.03.16"]
[Round "5.3"]
[White "Sai Agni Jeevitesh, J."]
[Black "Das, Sayantan"]
[Result "0-1"]
[WhiteElo "2316"]
[BlackElo "2459"]
[Annotator "TA"]
[PlyCount "124"]
[EventDate "2022.03.15"]
[EventCountry "IND"]
[SourceTitle "playchess.com"]
[Source "ChessBase"]
[SourceQuality "1"]

{[%evp 14,124,43,43,43,43,38,33,32,42,37,34,40,40,31,20,14,17,47,15,37,16,16,0,72,18,40,37,36,0,0,0,0,0,0,0,0,-53,-51,-59,-41,-39,-65,-60,-42,-52,-9,-10,-11,-137,0,-136,-140,-145,-131,-173,-177,-225,-225,-225,-225,-204,-221,-279,-274,-279,-279,-12837,-332,-326,-229,-229,-229,-290,-229,-12824,-12823,-12823,-12822,-229,-229,-12824,-12827,-12827,-12829,-12829,-12830,-12831,-12831,-12832,-12832,-12834,-12831,-12831,-12830,-12830,-12831,-12831,-12831,-12832,-12830,-12834,-12831,-12830,-12822,-12831,-12831,-12833,-12829,-12846,-12847,-12849,-12846]} 1. d4 Nf6 2. c4 g6 3. Nc3 Bg7 4. e4 d6 5. h3 O-O 6. Be3 c6 7. Nf3 a6 8. c5 b5 {E90: King's Indian: Classical: Early deviations and 6 h3.} 9. cxb6 Qxb6 10. Qd2 a5 {White is slightly better.} 11. Be2 Ba6 12. O-O {[#]} Rd8 $146 ({Predecessor:} 12... Bxe2 13. Qxe2 Na6 14. Rac1 Rfb8 15. b3 Qb7 16. Rfd1 Nc7 17. Qd3 Nb5 18. Na4 Na3 {1-0 (49) Batsiashvili,N (2504)-Tsereteli,T (2332) Tbilisi 2018}) 13. Rfd1 Qb7 14. Qc2 Bxe2 15. Qxe2 Na6 {[%cal Oa5a4,Bb8a6,Ba6c7,Bc7e6][%mdl 32]} 16. Rac1 Nc7 17. Bg5 Ne6 18. Be3 Qb4 (18... Nc7 $11) 19. Rc2 (19. d5 $16 cxd5 20. exd5 (20. Nxd5 Nxd5 21. exd5 Nf4 $14)) 19... d5 20. Ne5 Qb7 21. exd5 (21. Qf3 {is more complex.} Rac8 22. b3 Rc7 23. h4 Rf8 24. Rdc1) 21... Nxd5 22. Nxd5 cxd5 23. Nc6 Rd6 24. Rdc1 Ra6 {[%cal Ba8a6,Ba6b6,Bb6b2][%mdl 32]} 25. Nb8 Rab6 $15 26. Qd2 $1 h5 $36 {[%mdl 2048] Threatens to win with ...Kh7. Black has good play.} 27. Qxa5 Kh7 28. Rc8 Rxb2 29. Qa4 {aiming for Qe8.} Rd8 {Inhibits Qe8.} (29... Rb5 $15 {might be stronger.}) 30. Rxd8 $11 Nxd8 31. Na6 (31. Nd7 $11 {keeps the balance.}) 31... Qa8 (31... Rb1 $1 $17 {[%cal Rb1c1] Hoping for ...Rxc1+.} 32. Rxb1 (32. Nc5 $2 Rxc1+ 33. Bxc1 Qb1 $17) 32... Qxb1+ 33. Kh2 Ne6) 32. Qd7 {[#]} Ne6 $1 $17 {Black keeps a firm grip on the game.} 33. Nc7 {[#]} Qb7 {And now ...Rb1 would win.} 34. Qxe7 (34. Kh2 $17 {might work better.} Rb4 35. g3 (35. Qxe7 $2 Rc4 $19)) 34... Rb1 $19 35. Nxd5 (35. Rxb1 {was worth a try.} Qxb1+ 36. Kh2) 35... Rxc1+ 36. Bxc1 Qxd5 37. Qxf7 Qxa2 {[%cal Oa2a1]} 38. Be3 Qa1+ 39. Kh2 Nxd4 40. g4 $2 (40. Bxd4 Qxd4 41. g3) 40... hxg4 $2 (40... Ne2 {[%csl Ge2][%cal Ra1g1]} 41. Kg2 hxg4 42. hxg4 Qg1+ 43. Kf3 Nc3 44. Qxg7+ Kxg7 45. Bd4+ Kh6 46. Bxc3 Kg5 47. Bd2+ Kh4) 41. hxg4 Qd1 42. Bxd4 Qxd4 43. Kg3 Qc3+ 44. f3 $2 (44. Kg2) 44... Qe1+ 45. Kg2 Qe2+ 46. Kg3 Qe3 47. Kg2 $2 (47. Kh2) 47... g5 {Black is clearly winning.} 48. Qh5+ Kg8 49. Qg6 Qe5 50. Kh3 Kf8 51. Qc6 Bf6 52. Qd7 Qe2 53. Qf5 Ke7 54. Qc5+ Kf7 55. Qf5 Kg7 56. Qd7+ Kh6 {( -> ...Qf1+)} 57. Qf5 Be7 58. Qd5 Kg7 59. Qc6 Qe5 60. Qb7 Kh6 61. f4 gxf4 62. Qb6+ Kg7 {Weighted Error Value: White=0.69/Black=0.25 (precise)} 0-1

[Event "1st Guwahati GM Open 2022"]
[Site "Guwahati"]
[Date "2022.03.16"]
[Round "5.4"]
[White "Ponkratov, Pavel"]
[Black "Abdisalimov, Abdimalik"]
[Result "1-0"]
[WhiteElo "2641"]
[BlackElo "2435"]
[Annotator "TA"]
[PlyCount "119"]
[EventDate "2022.03.15"]
[EventCountry "IND"]
[SourceTitle "playchess.com"]
[Source "ChessBase"]
[SourceQuality "1"]

{[%evp 9,119,16,16,14,10,7,21,14,33,35,47,41,87,68,64,59,78,79,102,97,92,66,67,50,62,37,85,62,72,62,65,69,72,65,76,73,79,50,115,106,141,74,91,77,58,62,91,79,192,168,173,33,85,87,81,52,72,43,44,53,50,44,39,43,73,14,5,6,10,10,12,24,47,49,55,51,162,150,158,158,162,141,136,145,146,136,195,163,155,164,194,188,428,430,563,551,526,414,366,189,182,185,190,187,631,563,12836,12836,12850,12850,27999,27999]} 1. d4 Nf6 2. c4 e6 3. Nf3 Bb4+ 4. Bd2 Bxd2+ 5. Qxd2 b6 6. e3 {E11: Bogo-Indian.} Bb7 7. Bd3 O-O 8. Nc3 {The position is equal.} d6 9. e4 {[#]} c5 $146 ({Predecessor:} 9... e5 10. O-O Nbd7 11. Rfe1 Re8 12. Bc2 exd4 13. Nxd4 Nc5 14. f3 a5 15. Rad1 Ne6 {1-0 (48) Sarana,A (2689)-Kovalev,V (2573) Riga 2021}) 10. d5 e5 (10... exd5 $14 11. cxd5 (11. Nxd5 Bxd5 12. exd5 Re8+ 13. Kf1 Qd7 $11) 11... Nbd7) 11. g3 Bc8 12. Nh4 {[%cal Bf3h4,Bh4f5,Bf5e3][%mdl 32]} g6 13. f3 Nh5 14. Qh6 Na6 15. Kd2 Nc7 16. a4 {[%cal Oh4f5]} Bd7 17. Nf5 {aiming for g4.} Ne8 (17... Qf6 $14) 18. Ne3 {White is much more active.} a6 19. Be2 Qf6 20. Rhf1 Rb8 21. Kc2 Qg7 22. Qxg7+ Nhxg7 23. a5 b5 ({Black should try} 23... f5 $14) 24. cxb5 $16 axb5 25. f4 (25. Rfb1 $142) 25... exf4 26. gxf4 Nc7 27. Rfd1 Ra8 28. e5 $1 Nf5 (28... Rfb8 $16) 29. Nxf5 $18 Bxf5+ 30. Bd3 (30. Kd2 $1 $18) 30... Rfd8 $1 $14 31. Bxf5 gxf5 32. Ne2 {And now Ng3 would win.} Ra6 33. Ng3 (33. b4 $5) 33... dxe5 34. Nxf5 exf4 35. d6 ({Of course not} 35. Rg1+ Kf8 36. d6 Ne8 $11) 35... Ne6 36. b4 Kf8 37. Rd5 (37. Kb3 $16) 37... cxb4 $11 38. Kb3 f3 39. Kxb4 f2 {[%cal Oa6a5] Threatens to win with ...Rxa5!} 40. Rf1 (40. Kxb5 Rxa5+ $3 {[%mdl 512]} 41. Kxa5 Ra8+ 42. Kb4 Rxa1 $17) 40... Rda8 41. Rxb5 Nf4 42. Ka4 $1 Nd3 {[#]} (42... Nh3 $1 $14) 43. d7 $1 $18 R6a7 44. Rd5 {Dancing on a razor blade.} Rxd7 45. Rxd7 Nc5+ 46. Kb5 Nxd7 47. Rxf2 $16 {[%mdl 4096] Endgame KRN-KRN} Ke8 (47... Ne5 $16 {keeps fighting.}) 48. Nd6+ Ke7 49. Nb7 ({Resist} 49. Nxf7 $6 Rb8+ 50. Kc6 Rc8+ 51. Kb7 Rf8 $14) 49... Ra7 50. Re2+ Kf8 $2 (50... Kf6) 51. Nd6 $18 Nf6 52. Kb6 Rd7 53. Kc6 {a6 is the strong threat.} Ra7 54. Nc4 (54. Kb5 $142) 54... Nd7 55. Rd2 Ke7 56. Kb5 {Black must now prevent Nb6.} Rc7 $2 (56... Rb7+ 57. Nb6 Nb8) 57. Nb6 Nxb6 58. axb6 ({Weaker is} 58. Kxb6 Rc1 59. Rb2 Kd7 $16) 58... Rd7 59. Rxd7+ Kxd7 {[#]} 60. Ka6 $1 {Weighted Error Value: White=0.18 (very precise) /Black=0.35} 1-0

[Event "1st Guwahati GM Open 2022"]
[Site "Guwahati"]
[Date "2022.03.16"]
[Round "5.5"]
[White "Shyaamnikhil P"]
[Black "Visakh N R"]
[Result "1/2-1/2"]
[WhiteElo "2442"]
[BlackElo "2522"]
[Annotator "TA"]
[PlyCount "60"]
[EventDate "2022.03.15"]
[EventCountry "IND"]
[SourceTitle "playchess.com"]
[Source "ChessBase"]
[SourceQuality "1"]

{[%evp 22,60,21,20,22,18,22,0,0,0,0,-27,-22,-20,0,0,4,4,13,0,0,0,0,0,0,0,0,0,0,0,0,0,0,0,0,0,0,0,0,0,16]} 1. e4 e5 2. Bc4 Nf6 3. d3 Bc5 4. Nf3 Nc6 5. Nc3 {[%cal Bb1c3,Bc3d5,Bd5e3,Be3f1][%mdl 32]} h6 6. Nd5 d6 7. c3 a6 8. Be3 Ba7 9. Bxa7 Rxa7 10. Ne3 O-O 11. Bb3 Be6 12. O-O Re8 {C54: Giuoco Piano: 4 c3 Nf6, main lines with 5 d4 and 5 d3.} 13. Re1 Ra8 {[#]} 14. Nf1 $146 ({Predecessor:} 14. h3 Qd7 15. Nh2 d5 16. Nhg4 Nxg4 17. exd5 Nxe3 18. dxe6 Nxd1 19. exd7 Re7 20. Bxd1 Rxd7 21. Bf3 {½-½ (30) Spasov,V (2539)-Feller,S (2622) Bol 2015}) 14... d5 15. exd5 Bxd5 16. Ng3 Bxb3 17. axb3 {The position is equal.} (17. Qxb3 {looks sharper.} Qxd3 18. Qxb7 Qb5 19. Qxb5 axb5 20. Red1) 17... Qd7 18. Ne4 Nxe4 19. dxe4 Qe6 20. Qd5 Rad8 21. Qxe6 Rxe6 22. Kf1 a5 23. Red1 Red6 24. Rxd6 Rxd6 $11 {[%mdl 4096] Endgame KRN-KRN} 25. Ke2 f6 26. Nd2 b6 27. Nc4 Rd7 28. Ne3 Kf7 29. Ra4 Ke6 30. f3 Ne7 {An uneventful encounter.  Weighted Error Value: White=0.04 (flawless) /Black=0.02 (flawless)} 1/2-1/2

[Event "1st Guwahati GM Open 2022"]
[Site "Guwahati"]
[Date "2022.03.16"]
[Round "5.6"]
[White "Gusain, Himal"]
[Black "Deepan Chakkravarthy J."]
[Result "1/2-1/2"]
[WhiteElo "2408"]
[BlackElo "2520"]
[Annotator "TA"]
[PlyCount "88"]
[EventDate "2022.03.15"]
[EventCountry "IND"]
[SourceTitle "playchess.com"]
[Source "ChessBase"]
[SourceQuality "1"]

{[%evp 11,88,-14,4,0,-1,0,-3,-5,-14,2,0,-36,-25,-42,-29,-33,-11,0,0,-35,-20,-43,-58,-58,-45,-46,-36,-34,-41,-69,-65,-68,-69,-65,-42,-43,-45,-58,-42,-44,-37,-37,-37,-86,-37,-52,-38,-38,-38,-40,-42,-40,5,8,6,-6,0,-6,0,0,0,-14,-7,-6,-8,-14,-6,-6,-7,-6,0,0,0,0,0,0,0,0,0]} 1. e4 c5 2. Nc3 d6 3. f4 Nc6 4. Nf3 g6 5. Bc4 Bg7 6. O-O e6 7. d4 {The modern move. B23: Closed Sicilian: Lines without g3.} cxd4 8. Nb5 {[%cal Oe4e5]} Nge7 9. Bb3 O-O 10. Nbxd4 Na5 11. c3 Nxb3 12. axb3 e5 {[#]} 13. Nc2 $146 ({Predecessor:} 13. Ne2 Bg4 14. h3 Qb6+ 15. Kh1 Bxf3 16. Rxf3 Qc6 17. f5 d5 18. exd5 Nxd5 19. Ng3 {½-½ (78) Abdumalik,Z (2471)-Vignesh,N (2436) Moscow 2020}) 13... d5 14. exd5 e4 15. Ng5 Qxd5 16. Qxd5 (16. Qe2 {seems wilder.} Re8 17. Ra4 Bf5 18. Ne3 Qd3 19. Qxd3 exd3 20. Rd1) 16... Nxd5 17. Ne3 Nxe3 18. Bxe3 h6 19. Nh3 ({Don't blunder} 19. Nxe4 $2 Re8 20. Rxa7 (20. Ra4 $2 Bd7 $19) 20... Rxa7 21. Bxa7 Rxe4 $19) 19... a6 20. Nf2 f5 21. Rfd1 Be6 22. b4 Rfd8 (22... Bf6 {with more complications.} 23. Bb6 Rac8 24. g3 Rc6 25. Be3 Bb3) 23. Bb6 Rxd1+ (23... Rdc8 {keeps more tension.} 24. Nh1 Rc6 25. Be3 Kf7 26. Ng3 Bf6) 24. Rxd1 Kf7 25. Kf1 g5 26. Nh3 Bf6 27. Be3 (27. Kf2 $15) 27... Rg8 (27... g4 $17 28. Ng1 a5) 28. g3 Bc4+ 29. Ke1 Ke6 {Inhibits Rd7.} 30. Bc5 Bd3 31. Nf2 gxf4 (31... Bb5 $15 {is superior.} 32. Nh3 Kf7) 32. Nxd3 $11 {The position is equal.} exd3 33. Rxd3 $15 {[%mdl 4096] Endgame KRB-KRB} Be5 {[%cal Rf4g3] Prevents Rd6+.} 34. Bf2 h5 35. Ke2 fxg3 36. hxg3 f4 37. gxf4 Bxf4 38. Kf3 Bg5 39. Rd1 Rf8+ 40. Kg2 Rd8 41. Rh1 Rh8 42. Bd4 Rh7 43. Re1+ Kd7 44. b5 axb5 {Weighted Error Value: White=0.06 (flawless) /Black=0.05 (flawless)} 1/2-1/2

[Event "1st Guwahati GM Open 2022"]
[Site "Guwahati"]
[Date "2022.03.16"]
[Round "5.7"]
[White "Stany, G.A."]
[Black "Gholami Orimi, Mahdi"]
[Result "1-0"]
[WhiteElo "2517"]
[BlackElo "2420"]
[Annotator "TA"]
[PlyCount "65"]
[EventDate "2022.03.15"]
[EventCountry "IND"]
[SourceTitle "playchess.com"]
[Source "ChessBase"]
[SourceQuality "1"]

{[%evp 19,65,4,0,0,17,37,34,37,56,58,56,49,74,74,68,57,81,62,150,145,150,150,152,162,172,149,154,160,159,144,147,107,110,117,116,120,110,114,177,167,190,174,403,394,5473,5433,29996,29997]} 1. e4 e5 2. Nf3 Nc6 3. Bb5 a6 4. Ba4 Nf6 5. O-O Be7 6. Re1 b5 7. Bb3 O-O 8. d4 Nxd4 9. Nxd4 exd4 10. e5 Ne8 11. c3 {C88: Closed Ruy Lopez: Anti-Marshall Systems.} d6 {Recently 11...c5 got a lot of attention.} 12. Qf3 {Strongly threatening exd6.} Be6 13. cxd4 {White is slightly better.} dxe5 14. dxe5 c5 15. Nc3 {[%cal Bb1c3,Bc3e4,Be4g5,Bg5e6,Be6c5][%mdl 32]} Nc7 {[#]} 16. Be3 $146 ({Predecessor:} 16. Bc2 b4 17. Ne4 Nb5 18. Qh5 g6 19. Qh6 Nd4 20. Ng5 Bxg5 21. Bxg5 Qxg5 22. Qxg5 Nxc2 {½-½ (50) Filev,G (2323)-Stojanov,A (2129) Teteven 2014}) 16... Qc8 17. Bc2 $36 {[%mdl 2048] White is pushing.} Rd8 18. Ne4 $1 Bg4 (18... Ne8 $14) 19. Qg3 $1 $16 Nd5 {Inhibits Nf6+.} 20. Bg5 Bxg5 21. Nxg5 {[%mdl 64] Discovered Attack} Bf5 22. Bxf5 Qxf5 23. e6 fxe6 (23... f6 $2 24. Nf7 Kf8 25. Nxd8 Rxd8 26. Rad1 $18) 24. Nxe6 {[%csl Ge6][%cal Rg3g7]} Rd7 25. Nxc5 {And now Re5 would win.} Re7 {Inhibits Re5.} 26. Rxe7 Nxe7 27. Qd6 {[%csl LRa6,LRe7]} Ng6 28. Re1 {[%cal Ba1e1,Be1e5,Be5e7][%mdl 32]} Nf4 (28... Rc8 $16) 29. g3 $1 $18 ({Much worse is} 29. Nxa6 $6 Rf8 30. Qd1 Nxg2 31. Kxg2 Qg6+ 32. Kf1 Qxa6 $14) ({Stronger than} 29. Qc6 Rc8 30. Qd6 (30. Re8+ $2 Kf7 $19) 30... Ne2+ 31. Kf1 Rxc5 $11) 29... Nh3+ 30. Kg2 {Hoping for Re5. Active counter play!} Nxf2 $2 {[#]} (30... Qxf2+ $2 31. Kxh3 Qf5+ 32. Kg2 $18) (30... Ng5 {was necessary.}) 31. Re5 $1 (31. Qe6+ Qxe6 32. Rxe6 Nd1 $14) 31... Qf7 {[#]} (31... Qh3+ 32. Kg1 (32. Kxf2 Rf8+ 33. Ke3 Qxh2 $18) 32... Rf8) 32. Re7 $1 Qc4 33. Qe5 {Weighted Error Value: White=0.01 (flawless) /Black=0.53} 1-0